| 000 | 02348nam0a2200421 4500 | ||
|---|---|---|---|
| 001 | RU\NLR\bibl\315651 | ||
| 005 | 20260405111105.0 | ||
| 010 |
_a5-88996-286-Х _93000 |
||
| 021 |
_aRU _b2002-29168 _91451 |
||
| 035 | _a(NLR Aleph) 000310736 | ||
| 090 |
_a36228 _c36228 |
||
| 100 | _a20020925d2001 |||y0rusy50 ca | ||
| 101 | 0 | _arus | |
| 102 | _aRU | ||
| 105 | _aa ||||||||| | ||
| 200 | 1 |
_aПроектирование Windows-приложений на VISUAL BASIC _eУчеб. пособие _fО.Д. Мердина, Е.В. Стельмашонок _gМ-во образования Рос. Федерации, С.-Петерб. гос. инженер.-экон. ун-т |
|
| 210 |
_aСПб. _cСПбГИЭУ _d2001 |
||
| 215 |
_a93 с. _cил. _d21 |
||
| 320 | _aБиблиогр.: с. 91 (3 назв.) | ||
| 606 | 0 |
_aMICROSOFT VISUAL BASIC, язык программирования _jРуководства, пособия и т.п. для высшей школы _92260504 _3RU\NLR\auth\661355404 |
|
| 606 | 0 |
_aMICROSOFT VISUAL BASIC, язык программирования _jУчебные издания для высшей школы _92260504 _3RU\NLR\auth\661355404 |
|
| 606 | 0 |
_aMICROSOFT WINDOWS, операционная система _jРуководства, пособия и т.п. для высшей школы _xПрограммирование _92115983 _3RU\NLR\auth\661278313 |
|
| 606 | 0 |
_aMICROSOFT WINDOWS, операционная система _jУчебные издания для высшей школы _xПрограммирование _92115983 _3RU\NLR\auth\661278313 |
|
| 610 | 0 | _aКомпьютеры персональные - Программное обеспечение - Проектирование | |
| 610 | 0 | _aВизуальное программирование | |
| 610 | 0 | _aБейсик | |
| 675 |
_a004.438(075.8) _v3 _zrus |
||
| 686 |
_a50 _2rugasnti |
||
| 686 |
_a32.973.26-018.2я73 _2rubbk |
||
| 686 | _aЗ973.23-018.5я73-1 | ||
| 700 | 1 |
_aМердина _bО. Д. _gОльга Дмитриевна _4070 |
|
| 701 | 1 |
_4070 _8rus _7ca _aСтельмашонок _bЕ. В. _gЕлена Викторовна _3RU\NLR\auth\7742140 _925086 |
|
| 801 | 0 |
_aRU _bRKP _c20020925 _gPSBO |
|
| 801 | 1 |
_aRU _bRKP _c20020925 |
|
| 801 | 2 |
_aRU _bNLR _c20130521 _grcr |
|
| 942 | _cBOOK | ||
| 980 | _aNB | ||